Score 0/15 Timer 03:00
0 Plays Today
% Correct
Robbie Coltrane
100%
Daniel Radcliffe
98%
Rupert Grint
98%
Gary Oldman
98%
Alan Rickman
98%
Fiona Shaw
98%
Maggie Smith
98%
Emma Watson
96%
% Correct
Richard Griffiths
96%
Emma Thompson
96%
Timothy Spall
94%
David Thewlis
94%
Julie Walters
94%
Michael Gambon
90%
Mark Williams
90%
Remove Ads.
Support Sporcle.
Get the best of Sporcle when you Go Orange. This ad-free experience offers more features, more stats, and more fun while also helping to support Sporcle. Thank you for becoming a member.

You're not logged in!

Compare scores with friends on all Sporcle quizzes.
OR
Log In

Sporcle TV

Today on Sporcle TV


Watch our educational content, quiz creation guides, and fun videos on Sporcle TV.

Show Comments

Extras

Top Quizzes Today


Score Distribution

Paid Content

Your Account Isn't Verified!

In order to create a playlist on Sporcle, you need to verify the email address you used during registration. Go to your Sporcle Settings to finish the process.

Report this User

Report this user for behavior that violates our Community Guidelines.

Details: